000 00696nam a2200253Ia 4500
003 OSt
005 20220925180150.0
006 a|||||r|||| 00| 0
007 ta
008 220923b |||||||| |||| 00| 0 eng d
020 _a0674218574
037 _cGeneral Book
040 _aRTL
_cRTL
_beng
041 _2eng
_aeng
082 _aY:3(N).73.N9, N5
100 _aMarcus Greil
_9250742
245 0 _aDustbin of History
260 _aCambridge
_bHarvard University Press
_c1995
300 _a274p
_ccm.
500 _aBibliography : P 253-59
650 _aFine Art society
_9239872
942 _hY:3(N).73.N9, N5
_cGB
_2CC
999 _c495856
_d495856